000
00259nam a2200109Ia 4500
008
190914s9999||||xx |||||||||||||| ||und||
100
_a
Hamdy A. Taha
245
0
_a
Operations Research
260
_a
India
_b
World Scientific
_c
2000
300
_a
925
942
_c
BK
999
_c
8601
_d
8601